Maďarské banky po úspěšné transformaci

Dnešný maďarský systém má svoj počiatok v roku 1987. Zo socialistickej monobanky zahrňujúcu centrálnu banku a komerčne bankové činnosti boli vtedy vyčlenené Magar Hitel Bank, Kereskedelmi Bank a Budapest Bank. Ďalšie kroky transformácie maďarského bankovníctva. kapitálová primeranosť bankového sekto...

Descrizione completa

Salvato in:
Dettagli Bibliografici
Natura: Capitolo di libro
Lingua:ceco
Soggetti:
Tags: Aggiungi Tag
Nessun Tag, puoi essere il primo ad aggiungerne!!

MARC

LEADER 00000naa$a2200000$$$4500
001 0008154
005 20231010083053.5
041 0 |a cze 
044 |a CZ 
245 1 0 |a Maďarské banky po úspěšné transformaci 
520 |a Dnešný maďarský systém má svoj počiatok v roku 1987. Zo socialistickej monobanky zahrňujúcu centrálnu banku a komerčne bankové činnosti boli vtedy vyčlenené Magar Hitel Bank, Kereskedelmi Bank a Budapest Bank. Ďalšie kroky transformácie maďarského bankovníctva. kapitálová primeranosť bankového sektora. Aktíva maďarského bankového sektora. Prehľad ôsmich najväčších maďarských bánk ku koncu roku 2002 - tabuľka. 
610 2 0 |a banky 
610 2 0 |a sústava banková 
610 2 0 |a Maďarsko 
610 2 0 |a reštrukturalizácia 
610 2 0 |a bankovníctvo 
610 2 0 |a primeranosť kapitálová